[Event "Candidates FIDE m4"]
[Site "Wijk aan Zee"]
[Date "1994.??.??"]
[Round "4"]
[White "Khalifman, Alexander"]
[Black "Salov, Valery"]
[Result "0-1"]
[WhiteElo "2660"]
[BlackElo "2685"]
[Annotator "Salov,V"]
[PlyCount "144"]
[EventDate "1994.01.16"]
[EventType "match"]
[EventRounds "6"]
[EventCountry "NED"]
[SourceTitle "CBM 039"]
[Source "ChessBase"]
[SourceDate "1994.04.01"]
[SourceVersion "1"]
[SourceVersionDate "1994.04.01"]
[SourceQuality "1"]

1. e4 {Wolff Ribli} c5 2. Nf3 Nc6 3. d4 cxd4 4. Nxd4 e6 5. Nc3 Qc7 6. Be3 (6.
Be2 {Wolff} Nf6 7. O-O a6 8. Be3 Bb4 9. Nxc6 bxc6 10. Na4 O-O 11. f4 Be7 12.
Bf3 (12. Bd3) 12... Rb8 13. c4 $14 d6 14. Qd2 c5 15. Rad1 Bb7 16. Nc3 Rbd8 17.
Qf2 Nd7 18. Rd3 Nb8 19. Rfd1 Nc6 20. b3 Rfe8 21. Kh1 Bf6 22. Ne2 g6 23. R3d2
Bg7 24. Qh4 Ne7 25. Qf2 Nc6 26. Qh4 Bf8 27. Nc3 Ne7 28. Qf2 Bg7 29. Ne2 Nc6 {
1/2-1/2 Khalifman,A-Salov,V Wijk aan Zee (2) 1994}) 6... a6 7. Bd3 b5 8. Nxc6
Qxc6 9. O-O Bb7 10. a3 (10. Qe2 {Wolff} Nf6 11. f3 $5 Bc5 12. Kh1 Bxe3 13. Qxe3
b4 14. Ne2 O-O 15. Rfc1 $1 $14 {Short,N-Rogers,I Manila olm 1992}) 10... Nf6
11. Qe2 {?! Wolff} (11. f4 {Wolff} Be7 12. Qf3) 11... Be7 12. f4 O-O 13. Qf3 {N
} (13. e5 $1 Nd5 14. Nxd5 Qxd5 15. c4 $10) 13... Bc5 14. Kh1 (14. Bxc5 Qxc5+
15. Kh1 e5 $15) 14... Rac8 15. Bxc5 Qxc5 16. Qg3 {/\e4-e5} (16. Qh3 {Ribli} Qh5
17. Qxh5 Nxh5 18. e5 f6 $10) 16... d5 $1 17. e5 (17. exd5 {Ribli} exd5 $10 (
17... Nxd5 $5 18. Ne4 Qc7 $13)) 17... Ne4 18. Qh4 f5 (18... f6 19. f5 $1 Nxc3
20. bxc3 fxe5 21. fxe6 e4 22. Be2 $132) 19. Ne2 (19. exf6 {Ribli} Rxf6 $13)
19... d4 $15 {! Ribli} 20. Ng1 $1 (20. Rad1 {Ribli} Rfd8 21. Ng1 $13) 20... Nd2
21. Rf2 Nc4 22. b4 Qd5 (22... Qb6 $1 $15) 23. Nf3 Ne3 24. h3 Rc7 25. a4 $1 Rfc8
26. axb5 axb5 27. Ra5 Nc4 28. Ra1 Nb2 $2 $138 29. Rd2 $1 Rd7 (29... Nxd3 30.
Rxd3 Rxc2 31. Rxd4 Qxd4 32. Nxd4 Rxg2 33. Qe7 $1 Bd5 34. Qxe6+ $1) 30. Qf2 $2
$138 (30. Bf1 $1 d3 31. c3 $1 $13) 30... Nc4 31. Re2 (31. Bxc4 {Ribli} Qxc4 32.
Rxd4 Rxd4 33. Qxd4 (33. Nxd4 Rd8 $44) 33... Bxf3 34. Qxc4 Bxg2+ 35. Kxg2 Rxc4
$15) 31... Rcd8 32. Kh2 Qc6 33. Qh4 Nb2 34. Qe1 Nxd3 35. cxd3 Qc3 36. Qb1 Bd5 (
36... Bxf3 37. gxf3 $132 {<=><->a;><b5,e6}) 37. Ra6 h6 38. Ra5 Rb7 39. Ra1 Rc8
40. Ne1 Rbc7 41. Ra5 Rb8 42. Ra1 (42. Rc2 $4 Qxe1 $1 43. Qxe1 Rxc2 $19) 42...
Rbc8 43. Ra5 Rb8 44. Ra1 Qc6 $15 45. Qb2 Qb6 46. Rc2 Rbc8 47. Rxc7 Rxc7 48. Qf2
Rc3 49. Qh4 Qb7 50. Qf2 Qb6 51. Qh4 Qc7 52. Ra5 $6 (52. Qf2 {Ribli} Rc1 53.
Rxc1 Qxc1 $17) 52... Bc6 53. Qf2 Qd7 54. Ra6 Kh7 55. Ra1 Rb3 56. Qd2 Bb7 57.
Rc1 Bd5 58. Rc5 Ra3 59. Qb2 $2 $138 Ra2 60. Qxd4 Qb7 $1 61. Rc2 (61. Kg3 Bxg2 (
61... Qf7 $1 $19) 62. Qd8 Qf7 $19) (61. Qg1 Bxg2 $3 62. Nxg2 Qf3 63. d4 (63.
Rc1 Rxg2+ 64. Qxg2 Qxf4+ $19) (63. Rxb5 Qxf4+ 64. Kh1 Qg3 (64... Qf3 {Ribli}
65. Kh2 f4 $19) 65. Ra5 Rb2 66. Ra1 Qxh3+ 67. Qh2 Qg4 68. Rf1 f4 $1 $19) 63...
Qxf4+ 64. Kh1 Qg3 65. Rc1 $8 Qxh3+ 66. Qh2 Qg4 67. Rg1 $8 Qxd4 $19) 61... Rxc2
62. Nxc2 Bxg2 63. Qc5 Bh1 64. Ne1 (64. Ne3 {Ribli} g5 $1 65. fxg5 f4 $19) 64...
Bd5 $19 65. Kg3 Qa6 66. Qc1 Qa2 67. Qc2 Qa1 68. Qd2 g5 $1 69. Qe3 (69. fxg5
Qxe5+ 70. Kh4 f4 $19) 69... Kg6 70. Nf3 Qf1 71. fxg5 Bxf3 72. Qxf3 Qg1+ (72...
Qg1+ 73. Qg2 f4+ 74. Kf3 Qe3+ 75. Kg4 h5+ 76. Kh4 Qe1+ 77. Qg3 Qxg3#) 0-1

[Event "Candidates FIDE m4"]
[Site "Wijk aan Zee"]
[Date "1994.??.??"]
[Round "5"]
[White "Salov, Valery"]
[Black "Khalifman, Alexander"]
[Result "1/2-1/2"]
[WhiteElo "2685"]
[BlackElo "2660"]
[Annotator "Salov,V"]
[PlyCount "92"]
[EventDate "1994.01.16"]
[EventType "match"]
[EventRounds "6"]
[EventCountry "NED"]
[SourceTitle "CBM 039"]
[Source "ChessBase"]
[SourceDate "1994.04.01"]
[SourceVersion "1"]
[SourceVersionDate "1994.04.01"]
[SourceQuality "1"]

1. c4 g6 2. Nc3 Bg7 3. g3 e5 4. Bg2 d6 5. e3 Nf6 6. Nge2 c6 7. e4 $5 (7. d4 O-O
8. O-O Re8 9. Rb1 $2 e4 10. b4 Bf5 11. h3 h5 12. Nf4 Nbd7 13. a4 Nf8 $132 {
Nikolic,E-Fischer,Vincovci 1968}) 7... O-O 8. d3 a6 $1 9. h3 b5 10. Bg5 $6 (10.
Be3 $142 $14) 10... Nbd7 11. Qd2 Nc5 12. O-O Rb8 13. Be3 $6 (13. cxb5 $142 axb5
14. b4 Ne6 15. Be3 $10) 13... Ne6 $6 (13... b4 14. Nd1 Qa5 $1 $15) 14. cxb5
axb5 15. b4 d5 16. exd5 Nxd5 17. Nxd5 cxd5 18. d4 $1 e4 19. Bh6 $1 $10 Bxh6 20.
Qxh6 Qd6 21. a3 Bd7 22. Rac1 Rbc8 23. Rxc8 Rxc8 24. Rc1 Rc6 (24... Rc4 25. Rxc4
bxc4 26. Qe3 $13) 25. h4 Qc7 26. Rxc6 Qxc6 27. Qe3 Qc2 $1 28. f3 f5 29. Bf1 (
29. g4 $5 Qd1+ 30. Kf2 f4 31. Nxf4 Nxf4 32. Qxf4 Qxd4+ 33. Kg3 Qc3 $1 $10)
29... Qd1 $1 30. Kf2 Bc6 31. Qc3 Bd7 32. Bg2 Kf7 33. g4 Ke7 34. Qe3 Qc2 $1 {
/\f5-f4} 35. gxf5 gxf5 36. Kg3 Qd3 $1 37. Kf2 (37. Qxd3 $2 exd3 38. Nc3 f4+ $17
) 37... Qc2 38. Qh6 Kd6 (38... Qd3 $10) 39. Qf6 Qd2 40. Qe5+ Ke7 41. fxe4 fxe4
42. Bh3 (42. Bxe4 $5 dxe4 43. d5 e3+ 44. Kf3 Bc8 45. dxe6 Bb7+ 46. Kf4 Qxe2 47.
Qc7+ Kxe6 48. Qb6+ Kd5 $10) 42... Qh6 43. Qg3 $8 Qf6+ 44. Ke3 Qh6+ 45. Kf2 Qf6+
46. Ke3 Qh6+ (46... Ng7 $2 47. Nf4 $1 Bxh3 48. Nxd5+ Ke6 49. Nf4+ $1 Kf7 50.
Qxh3 Nf5+ 51. Kxe4 $18) 1/2-1/2

[Event "Ter Apel"]
[Site "Ter Apel"]
[Date "1994.??.??"]
[Round "2"]
[White "Nikolic, Predrag"]
[Black "Khalifman, Alexander"]
[Result "1/2-1/2"]
[WhiteElo "2625"]
[BlackElo "2660"]
[Annotator "Khalifman,A"]
[PlyCount "50"]
[EventDate "1994.03.??"]
[EventType "tourn"]
[EventRounds "5"]
[EventCountry "NED"]
[EventCategory "15"]
[SourceTitle "CBM 040"]
[Source "ChessBase"]
[SourceDate "1994.06.01"]
[SourceVersion "1"]
[SourceVersionDate "1994.06.01"]
[SourceQuality "1"]

1. d4 {Hertneck,G} d5 2. c4 c6 3. Nf3 Nf6 4. e3 Bf5 5. cxd5 cxd5 6. Qb3 Qc7 7.
Bd2 e6 8. Nc3 Nc6 9. Rc1 Be7 10. Ne5 (10. Bb5 $10 {Hertneck,G}) 10... O-O 11.
Bb5 Nxe5 $1 (11... Rab8 12. Qa4) (11... Na5 {Hertneck,G} 12. Qa4 a6 13. Nxd5 $2
(13. Be2 Nc6 $13) 13... Nxd5 14. Rxc7 axb5 15. Qxb5 Nxc7 16. Qd7 Nd5 $15) (
11... a6 $2 {Hertneck,G} 12. Bxc6 bxc6 13. Na4 Rfb8 14. Rxc6 $1 Qd8 15. Rb6 $16
) 12. Nxd5 Qxc1+ 13. Bxc1 Nxd5 14. e4 $1 (14. dxe5 Rac8 (14... Rfc8 $2 15. Kd1
$1 (15. O-O $4 Bc2 $19) 15... Rc5 (15... Bc2+ 16. Qxc2 Rxc2 17. Kxc2 $16) 16.
Bd3 Bxd3 17. Qxd3 Rd8 $1 18. Ke2 Nc3+ 19. Qxc3 Rxc3 20. bxc3 $16) 15. Qd1 (15.
O-O Bc2 $19) (15. Bc4 Nb6 $19) (15. Kd1 $6 Rfd8 16. Bd2 Bb4 $36) 15... Bc2 (
15... Bb4+ {Hertneck,G /\ Rfd8~/=}) 16. Qe2 Bd3 $1 $19) 14... Bxe4 15. dxe5
Bxg2 (15... Rac8 $2 {Hertneck,G} 16. O-O Bc2 17. Qg3 $16) (15... Bb4+ $5 {
Hertneck,G}) 16. Rg1 Be4 17. Bd3 Rac8 18. Bd2 (18. Bh6 Bg6 19. Bxg6 fxg6 $5 20.
Bd2 Rc7 $15) 18... Bxd3 19. Qxd3 Rfd8 20. Qe4 (20. Qb1 Rc4 $15) 20... Bb4 $6 (
20... b5 $1 21. Rg3 Rc4 $15) 21. Rxg7+ $1 Kxg7 22. Bxb4 Nxb4 (22... Rc1+ 23.
Ke2 Rg1 24. Bd2 $13) 23. Qg4+ Kh8 24. Qxb4 Rd7 25. h4 $1 h6 (25... h6 26. Qf4
Kg7 27. Qg4+ Kf8 28. Qf4 $10) 1/2-1/2

[Event "Ter Apel"]
[Site "Ter Apel"]
[Date "1994.??.??"]
[Round "4"]
[White "Khalifman, Alexander"]
[Black "Andersson, Ulf"]
[Result "1/2-1/2"]
[WhiteElo "2660"]
[BlackElo "2620"]
[Annotator "Dautov,R"]
[PlyCount "35"]
[EventDate "1994.03.??"]
[EventType "tourn"]
[EventRounds "5"]
[EventCountry "NED"]
[EventCategory "15"]
[SourceTitle "CBM 040"]
[Source "ChessBase"]
[SourceDate "1994.06.01"]
[SourceVersion "1"]
[SourceVersionDate "1994.06.01"]
[SourceQuality "1"]

1. d4 {Khalifman} Nf6 2. c4 e6 3. Nc3 Bb4 4. Qc2 O-O 5. a3 Bxc3+ 6. Qxc3 b6 7.
Bg5 Bb7 8. f3 h6 9. Bh4 c5 (9... d6 {Khalifman} 10. Nh3 $1 (10. e4 c5 11. d5
Nbd7 $13) (10. e3 Nbd7 11. Bd3 c5 $13) 10... Nbd7 11. e4 c5 12. Bf2 $14) 10.
dxc5 bxc5 11. e3 (11. Nh3 Nc6 12. O-O-O Ne4 13. Qe1 g5 14. Bf2 Nxf2 15. Nxf2
Ne5 16. Qc3 Qf6 17. e3 Kg7 18. h4 Rfd8 $132 {Sherbakov-Tunik/Anapa/1991}) 11...
Nc6 12. O-O-O (12. Nh3 Qa5 (12... Rc8 13. O-O-O d5) 13. Qxa5 Nxa5 14. b4 cxb4
15. axb4 Nc6 16. b5 Ne7 17. Bd3 Rfc8 18. e4 Ng6 19. Bg3 d5 20. cxd5 exd5 21. e5
Nd7 $10 {Gurevic,M-Andersson/Reggio Emilia/1989}) 12... Rb8 $5 (12... Ne4 13.
Qe1 g5 14. Bg3 Nxg3 15. Qxg3 $14 {Hjartarson} (15. hxg3 {Khalifman} Qf6 16. Ne2
$1 $16)) (12... Rc8 $6 13. Bxf6 gxf6 14. Kb1 $1 $16 d5 $2 15. cxd5 exd5 16.
Qxc5 Ne5 17. Qd4 Qc7 18. Nh3 Qc2+ 19. Ka1 Nc6 20. Qg4+ Qg6 21. Qd7 $18 {
Hjartarson-Speelman/Reykjavik/1991}) 13. Bxf6 (13. Nh3 $5 Ba6 (13... d5 14.
Bxf6 gxf6 15. cxd5 $16) (13... Qe7 14. Bxf6 gxf6 15. Nf4 $14) (13... Ne4 14.
Qe1 g5 15. Bg3 (15. Bf2 Nxf2 16. Nxf2 f5 17. h4 $14) 15... Nxg3 16. hxg3 $14 {
/\Nf2} (16. Qxg3 Qf6 17. f4 Ba6 $36)) 14. Bd3 (14. Bxf6 Qxf6 15. Qxf6 gxf6 16.
Rxd7 Ne5 17. Rxa7 Bxc4 $44) 14... d6 $14) 13... Qxf6 $1 (13... gxf6 {Khalifman}
14. Nh3 Ne5 15. Nf4 $16) 14. Qxf6 gxf6 15. Rxd7 Na5 $44 (15... Ba6 $5 {
Khalifman} 16. Nh3 $1) 16. Nh3 (16. Bd3 Bc6 (16... Ba6 17. Rxa7 Bxc4 18. Rxa5
Bxd3 19. Rxc5 $14) (16... Rfd8 $5 17. Rxd8+ Rxd8 18. Kc2 Ba6 19. Kc3 Rb8 20.
Ne2 Rb3+ 21. Kc2 Rb6 22. Kc3 Rb3+ $10) 17. Rxa7 Nb3+ 18. Kc2 Na1+ 19. Kb1 Rfd8
20. Kxa1 Rxd3 $44) 16... Bc6 $6 (16... Rfd8 $1 17. Rxd8+ Rxd8 18. Nf2 (18. Kc2
Ba6 19. Nf2 Bxc4 $10) 18... f5 (18... Nb3+ 19. Kc2 Rd2+ 20. Kxb3 Rxf2 21. Kc3
$16 {/\b4}) (18... Ba6 {Khalifman} 19. Ne4 Bxc4 (19... f5 20. Nxc5 Bxc4 21. Na4
$1 $14) 20. Nxf6+ Kg7 21. Nh5+ Kf8 22. Bxc4 Nxc4 23. Re1 $16) 19. Kc2 Ba6 $44 {
/\} 20. Kc3 Rb8) 17. Rxa7 (17. Rd6 $6 Rb6 18. Nf2 Rfb8 19. Nd1 $2 Nb3+ 20. Kc2
Be4+ $19) 17... Nb3+ 18. Kc2 (18. Kc2 Na1+ $1 (18... Rfd8 $2 19. Bd3 $16) 19.
Kb1 (19. Kc1 Nb3+ 20. Kb1 $2 Rfd8 $36) 19... Rfd8 (19... Nb3 20. Bd3 $16) 20.
Kxa1 Rd1+ 21. Ka2 Rd2 22. Bd3 $1 Rxd3 23. Nf4 Rd2 (23... Rxe3 24. Ra5 $16 (24.
Ra6 $1 $16 {Khalifman})) 24. Rb1 $16) 1/2-1/2

[Event "Pardubice"]
[Site "Pardubice"]
[Date "1994.??.??"]
[Round "8"]
[White "Bareev, Evgeny"]
[Black "Khalifman, Alexander"]
[Result "1-0"]
[WhiteElo "2685"]
[BlackElo "2645"]
[Annotator "Dautov,R"]
[PlyCount "101"]
[EventDate "1994.07.??"]
[EventType "tourn"]
[EventRounds "9"]
[EventCountry "CZE"]
[EventCategory "15"]
[SourceTitle "CBM 042"]
[Source "ChessBase"]
[SourceDate "1994.10.01"]
[SourceVersion "1"]
[SourceVersionDate "1994.10.01"]
[SourceQuality "1"]

1. d4 d6 2. c4 e5 3. Nf3 Nd7 4. Nc3 Ngf6 5. g3 g6 6. Bg2 Bg7 7. O-O O-O 8. e4
exd4 9. Nxd4 Re8 10. h3 a6 11. Re1 Rb8 12. a4 a5 13. Ndb5 Nc5 14. Be3 (14. Bf4
Ne6 15. Be3 Bf8 {Baburin-Van Wely/Gausdal/1993} 16. f4 c6 17. Nd4 Nc5 18. Qc2
$14) 14... Bd7 (14... b6 $1 {>=} 15. Qc2 Bb7 16. Bd4 Ne6 17. Be3 Nc5 18. Bd2 c6
19. Nd4 Nfd7 20. Be3 Ne5 21. b3 Ned3 22. Re2 Nb4 23. Qd1 d5 24. exd5 cxd5 25.
cxd5 Nxd5 26. Nxd5 Bxd5 $10 {Vukic-Itkis/JUG-chT Cetinje/1993/}) 15. Qc2 b6 16.
Rad1 Qc8 17. g4 Qd8 (17... h5 18. f3 (18. g5 Nh7 19. Kh2 $14) 18... hxg4 19.
hxg4 Be6 20. b3 $14) 18. f3 Rc8 19. Bc1 (19. Bf2 $6 Ne6 20. Be3 g5 21. Qd2 h6
$10 {/\Nh7-f8-g6}) 19... Qe7 20. f4 Qf8 21. Bf3 h6 (21... Bc6 $2 22. Na7) (
21... h5 $6 22. g5 Nh7 23. Kh2 f6 24. gxf6 Nxf6 25. Rg1 Qf7 26. f5 gxf5 27.
exf5 $40) 22. Be3 Be6 23. b3 $14 Nh7 24. h4 g5 (24... f5 $6 25. exf5 gxf5 26.
g5 $16) 25. hxg5 hxg5 26. f5 Bd7 27. Kg2 (27. Nd5 $5 Bxb5 (27... Na6 28. Kg2
Be5 29. Rh1 $14) 28. cxb5 Be5 29. Kg2 Qg7 30. Rh1 Nf6 31. Nxf6+ Bxf6 32. Rh5
Re7 33. Rdh1 Rce8 34. Bxc5 dxc5 35. Qd2 $14) 27... Be5 28. Rh1 c6 29. Nd4 f6
30. Rh5 Re7 31. Rdh1 Rg7 32. R1h3 Qe7 33. Qd1 Be8 34. Rh6 Rc7 35. Nce2 Qf8 36.
Qh1 Qe7 37. Qd1 Qf8 38. Ng3 Qe7 39. Qb1 $1 {/^b1-h7} Qd8 $2 (39... Bxg3 $6 40.
Rxg3 d5 (40... Qe5 41. Ne2 Rce7 $4 42. Bd4 $18) 41. Ne6 Nxe6 42. fxe6 dxc4 43.
e5 Qxe6 44. Bd4 c5 45. Bc3 $40) (39... Rb7 $142 $14) 40. Ne6 $1 $18 Nxe6 41.
fxe6 {/\Nf5,><b6} Bxg3 $8 42. Kxg3 Qe7 (42... c5 43. e5 dxe5 44. Be4 $18) 43.
e5 $1 Qxe6 44. exf6 Qe5+ (44... Nxf6 45. Bd4 $18) 45. Kg2 Nxf6 46. Bxb6 Rb7 (
46... Rce7 {>=} 47. Bd8 $5 Re6 48. Qf5 Qb2+ 49. Kg3 Kf7 50. Rh2 Qe5+ 51. Qxe5
dxe5 52. Bxa5 $18) 47. Bd8 Nh5 (47... Nh7 48. Be4 $18) 48. R3xh5 Bxh5 49. Bf6
Qf4 50. Bxg7 Qd2+ 51. Kh1 1-0

[Event "Tilburg blitz"]
[Site "Tilburg"]
[Date "1994.??.??"]
[Round "5"]
[White "Ivanchuk, Vassily"]
[Black "Khalifman, Alexander"]
[Result "1-0"]
[WhiteElo "2695"]
[BlackElo "2645"]
[Annotator "Blatny,P"]
[PlyCount "47"]
[EventDate "1994.09.??"]
[EventType "k.o. (blitz)"]
[EventRounds "7"]
[EventCountry "NED"]
[SourceTitle "CBM 044"]
[Source "ChessBase"]
[SourceDate "1995.02.01"]
[SourceVersion "1"]
[SourceVersionDate "1995.02.01"]
[SourceQuality "1"]

1. e4 d5 2. exd5 Qxd5 3. Nc3 Qa5 4. d4 Nf6 5. Nf3 c6 (5... Bg4 $142) 6. Ne5 {
קf7,Nc4} Bf5 (6... e6 {ץc8}) 7. Bd3 Bxd3 8. Qxd3 e6 (8... Nbd7 9. Nc4 (9. Bf4
Nd5 10. Qd2 (10. Qf5 $2 Nxe5 11. Qxe5 Qb4 $17) (10. Bd2 Nb4 11. Qf5 (11. Qe4
Nf6 12. Qf5 e6 {קc2,Ra1}) 11... Nxe5 12. dxe5 e6 13. Qe4 Rd8 {=/+/-/+}) 10...
Nxf4 11. Qxf4 Nxe5 12. dxe5 $10) 9... Qc7 $14) 9. O-O Be7 (9... Nbd7 $5 {
[+],Ne5}) 10. Qg3 g6 (10... Rg8 {עe8}) 11. Bh6 {קf7} Nbd7 12. Rad1 Nxe5 (
12... Bf8 13. Bxf8 Rxf8 14. Nc4 $40) 13. dxe5 Nd5 (13... Nd7 {/\0-0-0}) 14.
Nxd5 cxd5 (14... exd5 $5 15. e6 $1 fxe6 16. Qe5 O-O-O $8 17. Qxe6+ Rd7 18. c4
$5 Qxa2 $140 19. cxd5 Rhd8 $1 (19... cxd5 $4 20. Rc1+ Kd8 21. Qe5 $18) 20. Bf4
$40) 15. c4 dxc4 (15... O-O-O 16. cxd5 Rxd5 17. Qf3 $1 (17. Rxd5 Qxd5 18. Rc1+
Kb8 19. Qc3 (19. Qf4 {קf7}) 19... Qd7 20. Qf3 Rd8 21. h3 $14) 17... Qxa2 18.
Qxf7 Rxd1 19. Rxd1 Qb3 20. Rc1+ Kd7 21. Bg5 Re8 22. Qxh7 $18) 16. Bg7 Rg8 17.
Bf6 Qc5 (17... Qxa2 18. Bxe7 Kxe7 19. Qf3 (19. Qg5+ Ke8 20. Rd2 Qa5 21. Rfd1
Qc7 $17) (19. Qh4+ g5 (19... Ke8 20. Qxh7) 20. Qxh7 {/\f4}) 19... Rab8 20. Qf6+
Ke8 21. Rd6 Qa5 22. Rfd1 Qc7 23. Rd7 Qxd7 24. Rxd7 Kxd7 25. Qxf7+ Kc6 26. Qxe6+
$16) 18. Qf3 Qc6 19. Qh3 h5 (19... Bxf6 20. exf6 {/\Qa3}) 20. Bxe7 Kxe7 21.
Qa3+ Ke8 22. Rd6 Qb5 $2 (22... Qc7 $8 23. Rfd1 $16) 23. Rfd1 a6 24. Qf3 {
/\25.Qf6 26.Rd8} 1-0

[Event "St Petersburg op2"]
[Site "St Petersburg"]
[Date "1994.??.??"]
[Round "3"]
[White "Khalifman, Alexander"]
[Black "Gavrilov, Alexei"]
[Result "1-0"]
[WhiteElo "2645"]
[BlackElo "2425"]
[Annotator "Khalifman,A"]
[PlyCount "67"]
[EventDate "1994.10.??"]
[EventType "swiss"]
[EventRounds "9"]
[EventCountry "RUS"]
[SourceTitle "CBM 043 Extra"]
[Source "ChessBase"]
[SourceDate "1995.01.01"]
[SourceVersion "1"]
[SourceVersionDate "1995.01.01"]
[SourceQuality "1"]

1. e4 {Notkin} e5 2. Nf3 Nc6 3. Bb5 a6 4. Ba4 Nf6 5. O-O Be7 6. Re1 b5 7. Bb3
d6 8. c3 O-O 9. h3 Re8 10. d4 Bb7 11. Nbd2 Bf8 12. a4 h6 13. Bc2 exd4 14. cxd4
Nb4 15. Bb1 g6 16. Ra3 Bg7 17. Nh2 (17. Rae3 $6 {Notkin} c5 18. d5 (18. Nf1 $10
) 18... Nd7 19. b3 Nb6 20. axb5 axb5 21. Nf1 Na2 22. Bd2 b4 $15 {Grunfeld,
Y-Ivanov,A/Chicago/1994/0:1/54/}) 17... c5 18. d5 Nd7 (18... c4 $1 {Notkin} 19.
Ndf1 Nd3 $1 20. Bxd3 b4 21. Ra1 cxd3 $13 {Nunn,J-Razuvaev,Y/Dortmund/1991/1:0/
49/}) 19. Ndf3 $5 {N} (19. Ndf1) 19... Nb6 (19... c4 $6 {Notkin} 20. Bd2 a5 21.
Qc1 Nc5 22. Bxh6 Nbd3 23. Bxd3 Nxd3 24. Rxd3 cxd3 25. Bxg7 Kxg7 26. Ng4 $16) (
19... Qe7 $5 {Notkin} 20. Ng4 Qf8 $13) 20. axb5 axb5 (20... Nc4 {Notkin} 21.
Ng4 h5 22. Nh6+ Kf8 23. Ng5 Bxh6 24. Ne6+ fxe6 25. Bxh6+ Kg8 26. e5 $1 $40) 21.
Ng4 Kh7 (21... h5 {Notkin} 22. Nh6+ Kf8 23. Ng5 Bxh6 24. Ne6+ fxe6 25. Bxh6+
Kg8 26. Rg3 Kh7 27. e5 $18) 22. h4 Bc8 (22... h5 23. Bg5 $1 (23. Ng5+ {Notkin}
Kg8 24. Nxf7 $1 Kxf7 25. Bg5 Qd7 26. Rf3+ Kg8 27. Nf6+ Bxf6 28. Rxf6 $40) 23...
f6 24. Nxf6+ Bxf6 25. e5 $1 $40) 23. Nfh2 $1 Bxg4 (23... Qxh4 {Notkin} 24. Rh3)
(23... h5 {Notkin} 24. Bg5 f6 25. Nxf6+ Bxf6 26. e5 $18) (23... f5 {Notkin} 24.
exf5 Rxe1+ 25. Qxe1 Bxf5 26. Bxh6 Bxh6 27. Nxh6 Kxh6 28. Bxf5 gxf5 $2 29. Qe6+
Kh7 30. Qxf5+ $18) 24. Nxg4 Qe7 25. Rxa8 (25. h5 $2 {Notkin} Rxa3 26. bxa3
N4xd5) 25... Rxa8 26. h5 Nc4 (26... Ra1 27. Be3 $1 $16 (27. Bf4 c4) (27. Bf4 {
Notkin})) (26... Nd7 {Notkin} 27. e5 $1 dxe5 28. Qf3 $16) 27. e5 $1 $16 dxe5
28. b3 Nb6 (28... Na3 29. d6 $16) 29. hxg6+ fxg6 30. Nxe5 $1 (30. d6 Qe6 31.
Bxh6 $1 $16) 30... Bxe5 31. Qh5 (31. Bf4 Nd7 32. Qh5 Qg7 $13) 31... Qg7 (31...
Bh2+ 32. Kxh2 Qxe1 33. Qxg6+ $18) (31... Nd7 32. Qxg6+ (32. Qxh6+ {Notkin} Kg8
33. Qxg6+ Qg7 34. Qe6+ Qf7 35. Bh7+ $18) 32... Kh8 33. Bb2 Qg7 (33... Ra7 34.
Rxe5 Nxe5 35. d6 Qg7 36. Qe8+ Qg8 37. Bxe5+ Rg7 38. Bxg7+ Kxg7 39. Qe5+ $18)
34. Rxe5 $1 Qxg6 35. Re8+ Kh7 36. Bxg6+ Kxg6 37. Rxa8 $18) (31... Kh8 32. Qxg6
Qg7 (32... Nd7) 33. Qxb6 Rg8 (33... Nxd5 34. Qe6 $18) 34. Qxh6+ Qxh6 35. Bxh6
$18) (31... Kg8 32. Qxg6+ Qg7 33. Qe6+ Kh8 34. Bxh6 Qf6 35. Rxe5 $18) 32. Rxe5
N4xd5 (32... Ra1 33. Bxg6+ $18 (33. Bxg6+ {Notkin} Qxg6 34. Re7+ $18)) 33. Re6
$1 (33. Rxd5 Nxd5 34. Qxd5 Ra1 35. Qe4 $16) 33... Rg8 (33... Nf4 34. Bxf4 Ra1
35. Qd1 $18) (33... Nf6 34. Bxg6+ Kg8 (34... Kh8 35. Qf5 Ra1 36. Rxf6 Rxc1+ 37.
Kh2 Nd7 38. Re6 Nf8 39. Re8 Kg8 40. Bh7+ $18) 35. Qf5 Ra1 (35... Nbd7 36. Bb2
Rf8 37. Bc3 $18) 36. Rxf6 Rxc1+ 37. Kh2 $18) 34. Rxg6 (34. Rxg6 Qxg6 35. Qxh6#)
1-0

[Event "St Petersburg op2"]
[Site "St Petersburg"]
[Date "1994.??.??"]
[Round "6"]
[White "Khalifman, Alexander"]
[Black "Serper, Grigory"]
[Result "1-0"]
[WhiteElo "2645"]
[BlackElo "2575"]
[Annotator "Khalifman,A"]
[PlyCount "61"]
[EventDate "1994.10.??"]
[EventType "swiss"]
[EventRounds "9"]
[EventCountry "RUS"]
[SourceTitle "CBM 043 Extra"]
[Source "ChessBase"]
[SourceDate "1995.01.01"]
[SourceVersion "1"]
[SourceVersionDate "1995.01.01"]
[SourceQuality "1"]

1. d4 {Serper} Nf6 2. c4 e6 3. Nf3 d5 4. Nc3 Bb4 5. cxd5 exd5 6. Bg5 h6 7. Bh4
g5 8. Bg3 Ne4 9. Nd2 (9. Rc1 h5 $1) 9... Nxc3 (9... Nxg3 10. hxg3 c6 11. Qc2
Be6 12. e3 $14 {Pachman,L-Byrne,R/Geneve/1977/}) 10. bxc3 Bxc3 11. Rc1 Ba5 (
11... Bb2 12. Rxc7 (12. Bxc7 Qd7 (12... Qe7 13. Rb1 $5 {Ovseevich,S-Lempert,I/
Alushta/1994/}) 13. Be5 Bxc1 14. Bxh8 $13) 12... Na6 13. Rc2 Bxd4 14. e3 Bg7
15. Bxa6 bxa6 16. O-O $44 {Epishin,V-Sosonko,G/Ter Apel/1992/ Epishin,
V-Sosonko,G/Ter Apel/1992/0,5/40/}) (11... Bxd2+ 12. Qxd2 Nc6 13. h4 $16) 12.
h4 g4 13. e3 Nc6 $6 (13... O-O 14. Bd3 c6 15. O-O $44) 14. Bb5 Bd7 (14... O-O
15. Bxc6 bxc6 16. Rxc6 Qd7 17. Rxh6 Qb5 18. Qc2 $1 $16) 15. Rc5 $1 (15. Qb3 $5
{Serper} Qe7 16. Qxd5 O-O-O $13) 15... Qe7 (15... Ne7 $2 16. Bxd7+ Qxd7 17.
Rxa5 $18) (15... a6 16. Ba4 Qe7 17. O-O Bb4 18. Rxd5 Bd6 19. Rxd6 $1 cxd6 20.
Nc4 $16) 16. O-O (16. Rxd5 $6 Qb4 $13) (16. Bxc6 Bxd2+ 17. Kxd2 (17. Qxd2 {
Serper} Bxc6 $15) 17... bxc6 18. Bxc7 $16) 16... Bb4 17. Rxd5 Bd6 (17... O-O-O
18. Nc4 $16) 18. Nc4 (18. Rxd6 $5 cxd6 19. Nc4 O-O (19... d5 20. Nd6+ Kf8 21.
Nxb7 $16) 20. Bxd6 Qxh4 21. Bxf8 Rxf8 22. d5 $16) (18. Bxd6 cxd6 19. Nc4 Be6
$13) 18... Bxg3 19. fxg3 O-O-O (19... Be6 20. Re5 $16) (19... O-O 20. Bxc6 bxc6
21. Re5 $16) 20. Qa4 $1 $16 Qe4 (20... Kb8 21. Rxd7 $1 Rxd7 22. Bxc6 bxc6 23.
Ne5 $18) 21. Rc5 Kb8 {/\Nd4} (21... Nxd4 $4 {Serper} 22. Nd6+ $18) 22. Rf4 (22.
d5 Ne5 $13 (22... Ne5 {Serper} 23. Rf4 Qb1+ 24. Rf1 Qe4 $10)) (22. Rxf7 {Serper
} Nxd4 $1 23. Bxd7 (23. exd4 Qxd4+ $19) 23... Qb1+ 24. Kf2 (24. Kh2 Ne2) 24...
Rhf8 25. Rf4 $8 Nc2 $1 $19) 22... Qe8 (22... Qb1+ 23. Kh2 $16) 23. Kh2 (23. d5
Ne5 $1 (23... Ne7 24. Bxd7 Qxd7 (24... Rxd7 25. Rxf7 $18) 25. Qxd7 Rxd7 26. e4
$16) 24. Re4 f6 $13) (23. Rf6 $5 $16) 23... f5 (23... a6 24. Bxa6 bxa6 25. Qxa6
$18) 24. Rf2 $1 h5 {/\Rh6} (24... a6 25. Bxa6 $18) (24... Ne7 25. Rb2 $16) (
24... Rf8 $32 {Serper}) 25. Rb2 Rh6 (25... Ne7 26. Bxd7 Rxd7 (26... Qxd7 27.
Qxd7 $1 Rxd7 28. Ne5 Rd5 29. Nc6+ $18) 27. Qb3 $16) 26. d5 Ne5 $6 (26... Ne7
27. d6 $1 (27. Bxd7 {Serper} Qxd7 28. Rcb5 b6 29. d6 Nc8 30. Ne5 $36) 27...
cxd6 28. Bxd7 Qxd7 (28... Rxd7 29. Rxb7+ $1 Kxb7 30. Rb5+ Ka8 31. Nb6+ $18) 29.
Rcb5 Qc7 (29... Qc8 30. Na5 b6 31. Nc4 $18) (29... d5 30. Ne5 Qc7 31. Rxb7+
Qxb7 32. Rxb7+ Kxb7 33. Qb4+ $18) (29... Rc8 30. Qa6 Rc7 31. Na5 $18) 30. Qa6
Rd7 31. Ne5 $1 (31. Nxd6 b6 $1) 31... Kc8 (31... Ka8 32. Nxd7 $18) 32. Rxb7
Qxb7 33. Rxb7 Rxb7 34. Nf7 $18) 27. Bxd7 (27. Nxe5 Qxe5) 27... Nxd7 (27... Rxd7
28. Nxe5 Qxe5 29. Qxd7 $18) (27... Qxd7 28. Rcb5 $18) 28. Rxb7+ $1 Kxb7 29.
Rxc7+ $1 Kxc7 30. Qxa7+ Kc8 31. d6 1-0